000 00362nam a2200133Ia 4500
008 240624s9999 xx 000 0 und d
041 _aeng
082 _a332.64 SAR
100 _aSARGEN NICHOLAS P
245 _aGLOBAL SHOCKS AN INVESTMENT GUIDE FOR TU
260 _c2016
_aSwitzerland
_bPalgrave Macmillan
300 _axvii, 192 p.; 23 cm.
365 _cERU
_b38
999 _c31580
_d31580